[Event "Copenhagen Cup IM-B"]
[Site "Copenhagen"]
[Date "2012.10.20"]
[Round "6"]
[White "Rendboe, John Filip"]
[Black "Rusev, Krasimir"]
[Result "0-1"]
[WhiteElo "2233"]
[BlackElo "2549"]
[PlyCount "68"]
[EventDate "2012.10.17"]
[EventType "tourn"]
[EventRounds "9"]
[EventCountry "DEN"]
[EventCategory "2"]
[SourceTitle "EXT 2013"]
[Source "ChessBase"]
[SourceDate "2012.11.22"]

1. d4 e6 2. c4 b6 3. Nc3 Bb7 4. Nf3 Bb4 5. e3 f5 6. Bd3 Nf6 7. O-O O-O 8. Bd2
Bxc3 9. Bxc3 Ne4 10. Qe2 d6 11. Be1 Qf6 12. Nd2 Nd7 13. f3 Ng5 14. f4 Nf7 15.
Bg3 Rae8 16. Nf3 h6 17. e4 fxe4 18. Bxe4 Bxe4 19. Qxe4 Nd8 20. Rae1 Qf7 21. Qd3
Nc6 22. a3 Ne7 23. b4 a6 24. c5 b5 25. Nd2 Nf5 26. Bf2 Nf6 27. Ra1 Nd5 28. g3
Qg6 29. Kh1 h5 30. Rad1 Nde3 31. Ne4 Nxf1 32. Rxf1 Nh6 33. Qf3 e5 34. cxd6 exf4
0-1

[Event "Copenhagen Cup IM-B"]
[Site "Copenhagen"]
[Date "2012.10.18"]
[Round "2"]
[White "Rosenkilde, Alexander"]
[Black "Rudolf, Anna"]
[Result "0-1"]
[WhiteElo "2260"]
[BlackElo "2294"]
[PlyCount "122"]
[EventDate "2012.10.17"]
[EventType "tourn"]
[EventRounds "9"]
[EventCountry "DEN"]
[EventCategory "2"]
[SourceTitle "EXT 2013"]
[Source "ChessBase"]
[SourceDate "2012.11.22"]

1. d4 d5 2. c4 e6 3. Nf3 Nf6 4. g3 Bb4+ 5. Bd2 Bxd2+ 6. Nbxd2 O-O 7. Bg2 b6 8.
O-O Bb7 9. Rc1 Nbd7 10. cxd5 exd5 11. b4 c6 12. Re1 a5 13. a3 Qe7 14. Qb3 Qd6
15. Ng5 h6 16. Nh3 Ra7 17. Nf4 axb4 18. axb4 Rfa8 19. e4 dxe4 20. Nxe4 Nxe4 21.
Bxe4 Ra3 22. Qb1 R3a4 23. b5 Rb4 24. bxc6 Bxc6 25. Qxb4 Qxb4 26. Bxc6 Rd8 27.
Bxd7 Rxd7 28. Re8+ Kh7 29. Rcc8 g6 30. Rh8+ Kg7 31. Rhg8+ Kf6 32. Rc6+ Ke7 33.
d5 Qd4 34. Rcc8 Qd1+ 35. Kg2 g5 36. Ng6+ Kf6 37. Nf8 Rxd5 38. Nh7+ Kf5 39. Rc4
Rd4 40. Rc3 Rd3 41. Rc7 Qf3+ 42. Kh3 Qh5+ 43. Kg2 g4 44. Kf1 Rd6 45. h4 Ke6 46.
Re8+ Kd5 47. Re1 Qg6 48. Rd1+ Ke5 49. Re1+ Kf5 50. Nf8 Qg7 51. Rc8 Qd4 52. Rce8
Kf6 53. Kg1 Rd8 54. R8e4 Qd6 55. Rf4+ Kg7 56. Nh7 Kxh7 57. Rxf7+ Kg8 58. Ree7
Qg6 59. Rf4 Rf8 60. Ra4 Qb1+ 61. Kg2 Rxf2+ 0-1

[Event "Copenhagen Cup IM-B"]
[Site "Copenhagen"]
[Date "2012.10.20"]
[Round "7"]
[White "Rudolf, Anna"]
[Black "Nielsen, Lars Aaes"]
[Result "1/2-1/2"]
[WhiteElo "2294"]
[BlackElo "2260"]
[PlyCount "140"]
[EventDate "2012.10.17"]
[EventType "tourn"]
[EventRounds "9"]
[EventCountry "DEN"]
[EventCategory "2"]
[SourceTitle "EXT 2013"]
[Source "ChessBase"]
[SourceDate "2012.11.22"]

1. d4 e6 2. c4 b6 3. e4 Bb7 4. Qc2 Qh4 5. Nd2 f5 6. Ngf3 Bxe4 7. Bd3 Bxd3 8.
Qxd3 Qh5 9. O-O Nf6 10. Re1 Bd6 11. d5 O-O 12. dxe6 dxe6 13. Rxe6 Nbd7 14. Nb3
Rad8 15. Qe2 Ne4 16. h3 Ndc5 17. Nxc5 Nxc5 18. Ng5 Qxe2 19. Rxe2 Rfe8 20. Rxe8+
Rxe8 21. Be3 Nd3 22. b3 Nb4 23. Bd2 Re2 24. Bxb4 Bxb4 25. Rd1 Bd6 26. b4 Bxb4
27. Rd8+ Bf8 28. Kf1 Re7 29. Nxh7 Kxh7 30. Rxf8 Re5 31. Rd8 Kg6 32. Rd7 Rc5 33.
Rd4 Kf6 34. f4 Ra5 35. Rd2 Ra4 36. Rc2 Ke6 37. g4 c6 38. Kg2 b5 39. cxb5 cxb5
40. Kg3 fxg4 41. hxg4 Kf6 42. Rc6+ Kf7 43. Rc7+ Kf6 44. g5+ Kf5 45. Rc5+ Kg6
46. Kg4 Rxa2 47. f5+ Kf7 48. Rxb5 Rg2+ 49. Kf4 Rf2+ 50. Ke3 Rf1 51. Rb7+ Kf8
52. Ke4 Re1+ 53. Kd5 Rd1+ 54. Ke4 Re1+ 55. Kf4 Re7 56. Rb8+ Re8 57. Rb5 Ra8 58.
Ra5 a6 59. g6 Ke7 60. Ke5 Ra7 61. Kd5 Ra8 62. Ke4 Ra7 63. Re5+ Kf8 64. Rc5 Ra8
65. Ke5 a5 66. f6 gxf6+ 67. Kxf6 a4 68. Rc2 a3 69. Ra2 Ra6+ 70. Ke5 Kg7 1/2-1/2

[Event "Copenhagen Cup IM-B"]
[Site "Copenhagen"]
[Date "2012.10.21"]
[Round "9"]
[White "Rudolf, Anna"]
[Black "Rydstrom, Tom"]
[Result "1-0"]
[WhiteElo "2294"]
[BlackElo "2140"]
[PlyCount "111"]
[EventDate "2012.10.17"]
[EventType "tourn"]
[EventRounds "9"]
[EventCountry "DEN"]
[EventCategory "2"]
[SourceTitle "EXT 2013"]
[Source "ChessBase"]
[SourceDate "2012.11.22"]

1. d4 d5 2. c4 e6 3. Nc3 Be7 4. cxd5 exd5 5. Bf4 Nf6 6. Qc2 c6 7. e3 O-O 8. Bd3
Nbd7 9. Nge2 Re8 10. O-O Nf8 11. h3 Ng6 12. Bg3 Bd6 13. Rae1 b6 14. Bxd6 Qxd6
15. Ng3 Bd7 16. Nf5 Bxf5 17. Bxf5 Re7 18. Rc1 Nf8 19. Rfd1 g6 20. Bd3 Ne6 21.
Ne2 Rc7 22. Qa4 c5 23. Qa3 Qf8 24. dxc5 bxc5 25. b3 Rd8 26. Qb2 Qe7 27. Qe5
Rcd7 28. Bb5 Rc7 29. Rc2 Nd7 30. Qg3 Nb6 31. Rdc1 a5 32. a4 Nc8 33. Qe5 Na7 34.
Nf4 Nxf4 35. exf4 Qxe5 36. fxe5 d4 37. Bd3 Rb8 38. Rxc5 Rxc5 39. Rxc5 Rxb3 40.
Bc4 Rb4 41. Rc7 Rxa4 42. Bxf7+ Kf8 43. Rxa7 d3 44. Kh2 d2 45. Bb3 Rb4 46. Bd1
Rb1 47. Bf3 d1=Q 48. Bxd1 Rxd1 49. Rxa5 Ke7 50. Ra6 Re1 51. f4 Re4 52. Kg3 g5
53. fxg5 Rxe5 54. Kf4 Re2 55. Ra7+ Ke6 56. g3 1-0

[Event "Copenhagen Cup IM-B"]
[Site "Copenhagen"]
[Date "2012.10.18"]
[Round "2"]
[White "Rusev, Krasimir"]
[Black "Haubro, Martin"]
[Result "1-0"]
[WhiteElo "2549"]
[BlackElo "2151"]
[PlyCount "69"]
[EventDate "2012.10.17"]
[EventType "tourn"]
[EventRounds "9"]
[EventCountry "DEN"]
[EventCategory "2"]
[SourceTitle "EXT 2013"]
[Source "ChessBase"]
[SourceDate "2012.11.22"]

1. Nf3 Nf6 2. c4 c5 3. Nc3 Nc6 4. d4 cxd4 5. Nxd4 g6 6. e4 Nxd4 7. Qxd4 d6 8.
Be2 Bg7 9. O-O O-O 10. Qd3 Be6 11. Be3 Ng4 12. Bxg4 Bxg4 13. Rac1 Be6 14. Nd5
Bxd5 15. exd5 Qd7 16. Rc2 b6 17. Re1 Rfe8 18. b3 Rac8 19. a4 Bf6 20. h3 Rc7 21.
Rce2 Rb8 22. Bd2 Rbb7 23. Re4 a6 24. Qf3 b5 25. Rf4 Qd8 26. axb5 axb5 27. Ba5
Qd7 28. Rxf6 exf6 29. Qxf6 b4 30. Bxc7 Rxc7 31. c5 dxc5 32. d6 Rc8 33. Re7 Qf5
34. Qxf5 gxf5 35. d7 1-0

[Event "Copenhagen Cup IM-B"]
[Site "Copenhagen"]
[Date "2012.10.20"]
[Round "7"]
[White "Rusev, Krasimir"]
[Black "Koehler, Gerhard"]
[Result "1-0"]
[WhiteElo "2549"]
[BlackElo "2160"]
[PlyCount "69"]
[EventDate "2012.10.17"]
[EventType "tourn"]
[EventRounds "9"]
[EventCountry "DEN"]
[EventCategory "2"]
[SourceTitle "EXT 2013"]
[Source "ChessBase"]
[SourceDate "2012.11.22"]

1. d4 g6 2. c4 Bg7 3. Nc3 d6 4. Nf3 Nd7 5. e4 e5 6. Be2 Nh6 7. h4 f6 8. h5 g5
9. Be3 c6 10. d5 c5 11. Nd2 O-O 12. g4 Rf7 13. a3 Bf8 14. Kf1 Be7 15. Kg2 Qf8
16. b4 Bd8 17. Nb3 Bb6 18. Na4 cxb4 19. Nxb6 Nxb6 20. c5 Na4 21. f3 bxa3 22.
Qc1 Nxc5 23. Nxc5 dxc5 24. Bxc5 Qd8 25. Bxa3 Rc7 26. Qd2 Bd7 27. d6 Rc6 28.
Rab1 Rac8 29. Qa2+ Kh8 30. Rxb7 Rc2 31. Rb2 Rxe2+ 32. Rxe2 Bxg4 33. Rc2 Rxc2+
34. Qxc2 Qd7 35. Qc3 1-0

[Event "Copenhagen Cup IM-B"]
[Site "Copenhagen"]
[Date "2012.10.21"]
[Round "9"]
[White "Rusev, Krasimir"]
[Black "Larsen, Karsten"]
[Result "1-0"]
[WhiteElo "2549"]
[BlackElo "2297"]
[PlyCount "117"]
[EventDate "2012.10.17"]
[EventType "tourn"]
[EventRounds "9"]
[EventCountry "DEN"]
[EventCategory "2"]
[SourceTitle "EXT 2013"]
[Source "ChessBase"]
[SourceDate "2012.11.22"]

1. d4 Nf6 2. c4 e6 3. Nf3 d5 4. Nc3 Bb4 5. Qa4+ Nc6 6. Bg5 h6 7. Bxf6 Qxf6 8.
e3 O-O 9. Be2 Rd8 10. O-O a6 11. Rfd1 Rb8 12. a3 Bf8 13. Rac1 g5 14. Qc2 Qg7
15. b4 g4 16. Nd2 Ne7 17. Bd3 c6 18. Ne2 f5 19. a4 Bd7 20. Rb1 Ng6 21. c5 Be7
22. b5 axb5 23. axb5 Rf8 24. Nb3 Bd8 25. bxc6 Bxc6 26. Nf4 Nxf4 27. exf4 Bf6
28. Bf1 Ra8 29. Qe2 Rfe8 30. Rd2 Ra4 31. Qe3 Qd7 32. Be2 h5 33. h3 Kf7 34. g3
Rh8 35. Kg2 Ra3 36. Rd3 Ra2 37. Nc1 Ra4 38. Rd2 Rha8 39. Rb3 R8a5 40. Rb6 Ra8
41. Rd1 Qd8 42. Bb5 Ra3 43. Nd3 Qxb6 44. cxb6 Bxb5 45. Ne5+ Kg7 46. Qc1 Be2 47.
Qc7+ Kh6 48. hxg4 fxg4 49. Re1 Bxe5 50. Qxe5 Bf3+ 51. Kh2 Ra1 52. Qxe6+ Kg7 53.
Qe7+ Kg8 54. f5 Rxe1 55. Qxe1 Kf8 56. f6 Re8 57. Qc1 Kf7 58. Qh6 Ke6 59. Qg7
1-0

[Event "Copenhagen Cup IM-B"]
[Site "Copenhagen"]
[Date "2012.10.21"]
[Round "8"]
[White "Rydstrom, Tom"]
[Black "Haubro, Martin"]
[Result "1/2-1/2"]
[WhiteElo "2140"]
[BlackElo "2151"]
[PlyCount "107"]
[EventDate "2012.10.17"]
[EventType "tourn"]
[EventRounds "9"]
[EventCountry "DEN"]
[EventCategory "2"]
[SourceTitle "EXT 2013"]
[Source "ChessBase"]
[SourceDate "2012.11.22"]

1. e4 c5 2. Nf3 d6 3. d4 cxd4 4. Nxd4 Nf6 5. Nc3 a6 6. Bg5 Nbd7 7. Qf3 Qa5 8.
Bd2 Qb6 9. Nb3 g6 10. Be2 Bg7 11. O-O O-O 12. a4 Qc7 13. Qg3 b6 14. f4 Bb7 15.
Bf3 Nc5 16. Nxc5 Qxc5+ 17. Kh1 d5 18. e5 Ne4 19. Bxe4 dxe4 20. Rae1 Rfd8 21.
Be3 Qb4 22. Bc1 e6 23. Re3 Rac8 24. h4 Qc4 25. Rfe1 b5 26. R3e2 Rd7 27. Kh2 h5
28. Qf2 Bf8 29. axb5 axb5 30. Nd1 Be7 31. Ne3 Qc5 32. g4 hxg4 33. Qg3 Kg7 34.
Kg2 Rh8 35. Rh1 Rh5 36. Bd2 Rd8 37. Be1 b4 38. Bf2 Ba6 39. Nf5+ gxf5 40. Bxc5
Bxe2 41. Bxe7 Bf3+ 42. Kf2 Rd2+ 43. Ke3 Re2+ 44. Kd4 Bxh1 45. Qg1 Bf3 46. Qa1
Rh8 47. Bf6+ Kh7 48. Bxh8 Kxh8 49. Qa7 g3 50. Qxf7 g2 51. Qf8+ Kh7 52. Qf7+ Kh8
53. Qf6+ Kh7 54. Qf7+ 1/2-1/2

[Event "Copenhagen Cup IM-B"]
[Site "Copenhagen"]
[Date "2012.10.18"]
[Round "3"]
[White "Rydstrom, Tom"]
[Black "Rendboe, John Filip"]
[Result "0-1"]
[WhiteElo "2140"]
[BlackElo "2233"]
[PlyCount "65"]
[EventDate "2012.10.17"]
[EventType "tourn"]
[EventRounds "9"]
[EventCountry "DEN"]
[EventCategory "2"]
[SourceTitle "EXT 2013"]
[Source "ChessBase"]
[SourceDate "2012.11.22"]

1. e4 c5 2. Nf3 Nc6 3. d4 cxd4 4. Nxd4 e5 5. Nb5 Nf6 6. N1c3 d6 7. Bg5 a6 8.
Na3 b5 9. Bxf6 gxf6 10. Nd5 f5 11. g3 fxe4 12. Bg2 Be6 13. Bxe4 Rc8 14. c3 Bg7
15. Qh5 Ne7 16. Ne3 d5 17. Rd1 b4 18. cxb4 Qb6 19. Bf3 Qxb4+ 20. Rd2 e4 21. Be2
Rc1+ 22. Bd1 Bxb2 23. Nac2 Qa5 24. Nc4 Qxa2 25. Nxb2 Qxb2 26. Nd4 Qb6 27. O-O
O-O 28. Qg5+ Ng6 29. h4 f6 30. Qe3 Bh3 31. Re1 Ne5 32. Qf4 Qc7 33. Ne6 0-1

[Event "Copenhagen Cup IM-B"]
[Site "Copenhagen"]
[Date "2012.10.20"]
[Round "7"]
[White "Rydstrom, Tom"]
[Black "Rosenkilde, Alexander"]
[Result "0-1"]
[WhiteElo "2140"]
[BlackElo "2260"]
[PlyCount "72"]
[EventDate "2012.10.17"]
[EventType "tourn"]
[EventRounds "9"]
[EventCountry "DEN"]
[EventCategory "2"]
[SourceTitle "EXT 2013"]
[Source "ChessBase"]
[SourceDate "2012.11.22"]

1. e4 c5 2. Nf3 Nc6 3. d4 cxd4 4. Nxd4 Nf6 5. Nc3 e5 6. Ndb5 d6 7. Bg5 a6 8.
Na3 b5 9. Nd5 Be7 10. Bxf6 Bxf6 11. c4 b4 12. Nc2 Rb8 13. Qf3 Bg5 14. Rd1 O-O
15. h4 Be7 16. Be2 f5 17. Nxe7+ Nxe7 18. c5 fxe4 19. Qb3+ d5 20. Ne3 Be6 21.
O-O Nc6 22. Nc2 Qxh4 23. Qa4 Ne7 24. Qxa6 Rf6 25. Qd6 Re8 26. f3 Qg5 27. Ne1 e3
28. f4 exf4 29. Nf3 Qg3 30. Qe5 Rg6 31. Ne1 Rf8 32. Bd3 Rh6 33. Nf3 Nc6 34. Qg5
Bg4 35. Qxd5+ Kh8 36. Qg5 Rh5 0-1

[Event "Copenhagen Cup IM-B"]
[Site "Copenhagen"]
[Date "2012.10.17"]
[Round "1"]
[White "Rydstrom, Tom"]
[Black "Rusev, Krasimir"]
[Result "0-1"]
[WhiteElo "2140"]
[BlackElo "2549"]
[PlyCount "94"]
[EventDate "2012.10.17"]
[EventType "tourn"]
[EventRounds "9"]
[EventCountry "DEN"]
[EventCategory "2"]
[SourceTitle "EXT 2013"]
[Source "ChessBase"]
[SourceDate "2012.11.22"]

1. e4 d6 2. d4 Nf6 3. Nc3 e5 4. dxe5 dxe5 5. Qxd8+ Kxd8 6. Bg5 Be6 7. O-O-O+
Nbd7 8. Nf3 Bd6 9. Bb5 Kc8 10. Bxf6 Nxf6 11. Ng5 a6 12. Nxe6 fxe6 13. Bc4 Re8
14. f3 b5 15. Bb3 Kd7 16. a4 Reb8 17. Ne2 Ke7 18. axb5 axb5 19. Kd2 Nd7 20. Ra1
Nc5 21. Rhd1 c6 22. Ke1 Bc7 23. Rxa8 Rxa8 24. Nc1 Bb6 25. Ke2 h5 26. Nd3 Nd7
27. c4 Bd4 28. cxb5 cxb5 29. Rc1 Kd6 30. Kd2 g5 31. Kc2 Rc8+ 32. Kd2 Ra8 33.
Kc2 Be3 34. Re1 Rc8+ 35. Kd1 Bd4 36. Re2 g4 37. f4 exf4 38. Nxf4 Nc5 39. Bc2
Bxb2 40. g3 Bc3 41. Nxh5 b4 42. Nf4 b3 43. Bb1 Ra8 44. Re3 Bd4 45. Re1 Ra2 46.
Re2 Ra1 47. Kc1 e5 0-1